|
|
|
|
| LEADER |
00000nam0a2200000 4500 |
| 001 |
259071 |
| 005 |
20231101233343.0 |
| 010 |
|
|
|a 5020065358
|
| 035 |
|
|
|a (RuTPU)RU\TPU\book\281979
|
| 090 |
|
|
|a 259071
|
| 100 |
|
|
|a 20140505d1988 k y0rusy50 ca
|
| 101 |
0 |
|
|a rus
|
| 102 |
|
|
|a RU
|
| 105 |
|
|
|a a z 001zy
|
| 200 |
1 |
|
|a Гидродинамические проблемы технологических процессов
|e сборник научных трудов
|f Академия наук СССР (АН СССР), сектор механики неоднородных сред ; под ред. В. В. Струминского
|
| 210 |
|
|
|a Москва
|c Наука
|d 1988
|
| 215 |
|
|
|a 223 с.
|c ил.
|
| 320 |
|
|
|a Библиография в конце статей
|
| 606 |
1 |
|
|a Гидродинамика
|2 stltpush
|3 (RuTPU)RU\TPU\subj\6651
|9 34481
|
| 610 |
1 |
|
|a технологические процессы
|
| 610 |
1 |
|
|a аэродинамические исследования
|
| 610 |
1 |
|
|a газовые смеси
|
| 610 |
1 |
|
|a уравнения
|
| 610 |
1 |
|
|a дисперсные структуры
|
| 610 |
1 |
|
|a газожидкостные потоки
|
| 675 |
|
|
|a 532.5
|v 3
|
| 702 |
|
1 |
|a Струминский
|b В. В.
|4 340
|
| 712 |
0 |
2 |
|a Академия наук СССР (АН СССР)
|b сектор механики неоднородных сред
|2 stltpush
|3 (RuTPU)RU\TPU\col\722
|
| 801 |
|
1 |
|a RU
|b 63413507
|c 20140505
|
| 801 |
|
2 |
|a RU
|b 63413507
|c 20150128
|g RCR
|
| 942 |
|
|
|c BK
|